Theories for Planning

Enregistré dans:
Détails bibliographiques
Auteur principal: McConnell, Shean (Auteur)
Format: Livre
Langue:anglais
Publié: London : Heinemann International a division of Heinemann Educational Books Ltd, 1981
Édition:1. vydanie
Sujets:
Tags: Ajouter un tag
Pas de tags, Soyez le premier à ajouter un tag!

MARC

LEADER 00000nam a22000003a 4500
001 stu10613
005 20150617225804.6
008 941020s1981----uk------------------eng-d
040 |a STU  |b slo 
041 0 |a eng 
044 |a uk 
100 1 |a McConnell, Shean  |4 aut 
245 1 |a Theories for Planning 
250 |a 1. vydanie 
260 |a London :  |b Heinemann International a division of Heinemann Educational Books Ltd,  |c 1981 
300 |a 208 s 
650 7 |a územné plánovanie  |2 stusub 
996 |b 284AU01145  |c A*736 U  |l AAKNAR  |s A  |a 24  |w stu10613_0001